000 01287nam a22003497a 4500
003 CHAP
005 20250506093640.0
008 100812s2008 mx a r 00010 eng d
010 _a99060
011 _a100032
020 _a978.9680204595
035 _a110718
040 _cCHAP
082 1 4 _a634.775
_bG13y
100 1 0 _aGallegos Vázquez, Clemente
_e, coord.
_944424
245 1 0 _aGraphic handbook for the variety description of cactus pear and xoconostle (Opuntia spp.)
_c/coordinado por Clemente Gallegos Vázquez, Joel Cervantes-Herrera y Alejandro F. Barrientos-Priego
260 _aTlalnepantla, Edo. de Méx. :
_bServicio Nacional de Inspección y Certificación de Semillas,
_c2008
300 _a116 p. :
_bilus., cuadros
590 _aBATCH-UPD
_b10
_c20130110
_lUCH01
_h1021
590 _aBATCH-UPD
_b10
_c20130410
_lUCH01
_h0627
590 _aBATCH-UPD
_b10
_c20130914
_lUCH01
_h0541
590 _aCONVERSION
_b10
_c20130109
_lUCH01
_h1355
650 1 4 _aCardenche.
_918877
650 1 4 _aNopal.
_981647
650 1 4 _aTuna.
_9115544
700 0 _aBarrientos Priego, Alejandro F.
_910489
700 0 _aCervantes Herrera, Joel.
_921576
901 _aBK
911 _aen proceso
942 _cLIBRO
949 _a634.775 G13y
_bBC
_cUACH
_d33724002216595
_eUACH
_h113206
_i110718
_sb
999 _c99060
_d99060